000 00260nam a2200109Ia 4500
008 201231s9999 xx 000 0 und d
100 _aUNESCO
245 0 _aSelective inventory of Information Services
260 _aParis
_bUNESCO
300 _a140
942 _cBK
999 _c10078
_d10078